000 02494nam a2200493Ii 4500
001 DIGPUVAL0971
003 NyNyDIG
008 230518s2022 sp a ob 100 0 spa d
006 m o d
007 cr |||||||||||
035 _a(OCoLC)1380642993
040 _aDGITA
_beng
_erda
_epn
_cDGITA
020 _a9788491333081
_qpdf
020 _z9788491333074
_qpapel
041 _aspa
_acat
043 _ae-sp---
050 1 4 _aDP302.V22 ebook
245 0 0 _aReflexiones históricas y artísticas entorno a las Germanías de Valencia /
_ccoordinador, Luis Arciniega García ; autores, Jesús E. Alonso López [and 6 others].
250 _aEdición digital.
264 1 _aValència :
_bVicerrectorado de Proyección Territorial y Sociedad. Universitat de València,
_c[2020]
300 _a1 online resource :
_billustrations.
336 _atext
_btxt
_2rdacontent
337 _acomputer
_bc
_2rdamedia
338 _aonline resource
_bcr
_2rdacarrier
347 _atext file
_2rdaft
347 _bPDF
500 _a"Este libro, y el encuentro que lo precedió, surgen en el seno del IV centenario de las germanías valencianas (1519-1522). Son, por lo tanto, elementos que contribuyen a su conmemoración. Conmemorar supone recordar algo destacado de un pasado común o a alguien que ha tenido incidencia en el mismo."
500 _a"II Universitat de Tardor d'Alaquàs"--Cover.
504 _aIncludes bibliographical references.
546 _aTexts in Spanish and Catalan.
588 0 _aOnline resource; title from PDF title page (Digitalia, viewed May 18, 2023)
650 0 _aGuilds
_zSpain
_zValencia (Region)
_xHistory
_y16th century
_vCongresses.
650 0 _aRevolutions
_zSpain
_zValencia (Region)
_xHistory
_y16th century
_vCongresses.
650 0 _aRevolutions in art
_vCongresses.
651 0 _aValencia (Spain : Region)
_xHistory
_yUprising, 1519-1522
_xArt and the Uprising
_vCongresses.
700 1 _aArciniega García, Luis,
_eeditor.
700 1 _aAlonso López, Jesús E.,
_eauthor.
776 0 8 _iPrint version:
_tReflexiones históricas y artísticas entorno a las Germanías de Valencia.
_dValència : Vicerrectorado de Proyección Territorial y Sociedad. Universitat de València, [2020]
_z9788491333074
791 2 _aDigitalia (Firm),
_edistributor.
793 0 _gDigitalia eBook Collection:
_aUniversitat de València
856 4 0 _3Digitalia Hispánica
_uhttps://www.digitaliapublishing.com/a/124614/
910 _aPremium collection: 2023
942 _cRAA
999 _c276706
_d276706